[Event "2.BLS 0203 SG Kirchheim - SCA St Ingber"]
[Site "?"]
[Date "2003.03.09"]
[Round "8.6"]
[White "Mudelsee, Manfred Dr"]
[Black "Ristic, Nenad"]
[Result "0-1"]
[WhiteElo "2291"]
[BlackElo "2473"]
[PlyCount "86"]
[EventDate "2003.??.??"]

1. e4 c5 2. Nf3 d6 3. d4 cxd4 4. Nxd4 Nf6 5. Nc3 g6 6. Be3 Bg7 7. f3 Nc6 8. Qd2
O-O 9. Bc4 Bd7 10. h4 Qa5 11. Bb3 Rfc8 12. h5 Nxh5 13. g4 Nf6 14. O-O-O Ne5 15.
Bh6 Bxh6 16. Qxh6 Rxc3 17. bxc3 Rc8 18. Kb1 Nc4 19. Bxc4 Rxc4 20. Rd3 Rxc3 21.
Qd2 Qb6+ 22. Nb3 Rc5 23. Ka1 Re5 24. c4 Qc6 25. g5 Nxe4 26. fxe4 Qxe4 27. Rc1
Qf5 28. Rd5 Bc6 29. Rxe5 Qxe5+ 30. Nd4 h6 31. gxh6 Kh7 32. Rc3 Be4 33. Kb2 g5
34. Qf2 f5 35. Nb3 a6 36. Nd2 Bc6 37. Qe3 Qxe3 38. Rxe3 e5 39. Rd3 g4 40. Rxd6
g3 41. Nb3 g2 42. Rd1 f4 43. Nc1 f3 0-1

[Event "2.BLS 0203 SG Kirchheim - SCA St Ingber"]
[Site "?"]
[Date "2003.03.09"]
[Round "8.7"]
[White "Gross, Georg"]
[Black "Rudolph, Johannes"]
[Result "1/2-1/2"]
[WhiteElo "2317"]
[BlackElo "2260"]
[PlyCount "131"]
[EventDate "2003.??.??"]

1. d4 d5 2. Nf3 Nf6 3. g3 Bf5 4. c4 e6 5. Nc3 c6 6. Nh4 Bg4 7. Qb3 Qb6 8. h3
Bh5 9. c5 Qc7 10. Bf4 Qc8 11. g4 Bg6 12. Nxg6 hxg6 13. Bg2 Nbd7 14. Qc2 Be7 15.
O-O O-O 16. b4 Re8 17. Rab1 Bf8 18. Bg3 e5 19. e3 e4 20. b5 Nh7 21. bxc6 bxc6
22. Qb3 Re6 23. Qb7 Qe8 24. Qc7 f5 25. Rb7 Ndf6 26. Rxa7 Rc8 27. Qb7 Re7 28.
Qa6 Rxa7 29. Qxa7 fxg4 30. h4 g5 31. Rb1 Nh5 32. Rb8 Nxg3 33. Rxc8 Qxc8 34.
fxg3 gxh4 35. gxh4 Qd8 36. Qb6 Qxh4 37. Qb2 Ng5 38. Qf2 g3 39. Qf5 Nf3+ 40. Kf1
Nd2+ 41. Ke2 Nf3 42. Kd1 Qh6 43. Nxd5 cxd5 44. Qxd5+ Kh8 45. Qxe4 Ng5 46. Qf4
Qh7 47. Kd2 Ne6 48. Qxg3 Kg8 49. Qh3 Qxh3 50. Bxh3 Nxc5 51. dxc5 Bxc5 52. e4
Kf7 53. e5 Bd4 54. e6+ Ke7 55. Kd3 Bf6 56. Kc4 Kd6 57. Kb5 Kc7 58. a4 Kd6 59.
a5 Kc7 60. Kc5 Kb7 61. Bf1 Be7+ 62. Kd5 g5 63. Ke5 Kc6 64. Kf5 Bd8 65. Be2 Bxa5
66. e7 1/2-1/2

[Event "2.BLS 0203 SG Kirchheim - SCA St Ingber"]
[Site "?"]
[Date "2003.03.09"]
[Round "8.8"]
[White "Porth, Dietmar"]
[Black "Bock, Andreas"]
[Result "1/2-1/2"]
[WhiteElo "2274"]
[BlackElo "2158"]
[PlyCount "83"]
[EventDate "2003.??.??"]

1. d4 Nf6 2. c4 g6 3. Nc3 Bg7 4. e4 d6 5. Bg5 O-O 6. f3 c5 7. d5 e6 8. Qd2 exd5
9. cxd5 h6 10. Be3 Nbd7 11. Nh3 Re8 12. Nf2 a6 13. Bxh6 Bxh6 14. Qxh6 b5 15.
Be2 b4 16. Ncd1 a5 17. Ne3 Nb6 18. O-O-O c4 19. g4 c3 20. bxc3 Qc7 21. c4 Qc5
22. Nd3 Qd4 23. Nxb4 Qc3+ 24. Nbc2 Na4 25. Rd3 Qb2+ 26. Kd2 Nc5 27. Nf5 Bxf5
28. gxf5 Ncxe4+ 29. fxe4 Nxe4+ 30. Ke1 Qxc2 31. fxg6 Nf6 32. gxf7+ Kxf7 33. Qd2
Qb1+ 34. Qd1 Qxa2 35. Rd2 Qxc4 36. Rf1 Qh4+ 37. Rf2 Re5 38. Rd4 Re4 39. Rxe4
Qxe4 40. Qb3 Qb4+ 41. Qxb4 axb4 42. Bc4 1/2-1/2

[Event "2.BLS 0203 Pang Rosenheim - SG Kirchhei"]
[Site "?"]
[Date "2003.03.30"]
[Round "9.1"]
[White "Gschnitzer, Oswald Dr"]
[Black "Wach, Markus"]
[Result "1-0"]
[WhiteElo "2428"]
[BlackElo "2388"]
[PlyCount "61"]
[EventDate "2003.??.??"]

1. Nf3 d5 2. d4 Nf6 3. c4 e6 4. Nc3 Nbd7 5. cxd5 exd5 6. Bf4 Bb4 7. e3 c5 8.
Bd3 Qa5 9. O-O c4 10. Bc2 Bxc3 11. bxc3 Qxc3 12. Bd6 Qa5 13. a4 Ne4 14. Ba3
Ndf6 15. Ne5 Bf5 16. f3 Nc3 17. Qd2 Bxc2 18. Qxc2 Nxa4 19. e4 b5 20. exd5 Qc3
21. Qf5 b4 22. Nc6 O-O 23. Bxb4 Qe3+ 24. Kh1 Nb2 25. Bxf8 Rxf8 26. d6 Nd3 27.
d7 Nf2+ 28. Rxf2 Qxf2 29. d8=Q Rxd8 30. Nxd8 Qxd4 31. Qa5 1-0

[Event "2.BLS 0203 Pang Rosenheim - SG Kirchhei"]
[Site "?"]
[Date "2003.03.30"]
[Round "9.2"]
[White "Grundherr, Martin"]
[Black "Wintzer, Joachim Dr"]
[Result "1-0"]
[WhiteElo "2343"]
[BlackElo "2367"]
[PlyCount "75"]
[EventDate "2003.??.??"]

1. e4 e6 2. d4 d5 3. Nc3 Bb4 4. Qf3 Nf6 5. e5 Ne4 6. Bd3 Nxc3 7. Bd2 Nxa2 8. c3
Nxc3 9. bxc3 Bf8 10. Nh3 Qe7 11. Nf4 Nd7 12. h4 c5 13. Nh5 h6 14. g4 c4 15. Bc2
Kd8 16. g5 g6 17. Nf4 Kc7 18. h5 hxg5 19. Ng2 Nb6 20. Ne3 gxh5 21. Rxh5 Rxh5
22. Qxh5 f5 23. exf6 Qxf6 24. Ke2 e5 25. dxe5 Qxe5 26. Re1 Bd7 27. Kd1 Be8 28.
Qf3 Qf4 29. Nxd5+ Nxd5 30. Bxf4+ Nxf4 31. Kc1 Bh5 32. Qe4 Bf7 33. Qf5 Bg8 34.
Qxg5 Nd5 35. Kb2 b5 36. Rd1 Rd8 37. Be4 Be7 38. Qg7 1-0

[Event "2.BLS 0203 Pang Rosenheim - SG Kirchhei"]
[Site "?"]
[Date "2003.03.30"]
[Round "9.3"]
[White "Biebinger, Gerhard"]
[Black "Blaskowski, Johannes"]
[Result "1/2-1/2"]
[WhiteElo "2391"]
[BlackElo "2310"]
[PlyCount "80"]
[EventDate "2003.??.??"]

1. Nf3 Nf6 2. c4 e6 3. Nc3 d5 4. d4 Be7 5. cxd5 exd5 6. Bf4 O-O 7. e3 c6 8. Bd3
Nbd7 9. Qc2 Re8 10. O-O-O Nf8 11. Kb1 Qa5 12. h3 Bb4 13. Nd2 Be6 14. a3 Be7 15.
Nb3 Qd8 16. Nc5 Bc8 17. g4 g6 18. f3 b6 19. Nb3 Ne6 20. Be5 Nd7 21. h4 Nxe5 22.
dxe5 Bxh4 23. f4 Nf8 24. g5 Bxg5 25. fxg5 Qxg5 26. Nd4 Bd7 27. Nf3 Qxe3 28. Qg2
Re7 29. Bc2 Rae8 30. Rh4 b5 31. Rdd4 Rxe5 32. Nxe5 Rxe5 33. Rd1 h5 34. Rdh1 Bg4
35. Rxg4 hxg4 36. Qxg4 Rg5 37. Qd1 Ne6 38. Re1 Qf2 39. Rf1 Qg3 40. Ne2 Qe3
1/2-1/2

[Event "2.BLS 0203 Pang Rosenheim - SG Kirchhei"]
[Site "?"]
[Date "2003.03.30"]
[Round "9.4"]
[White "Vogel, Robert"]
[Black "Vonthron, Horst"]
[Result "1-0"]
[WhiteElo "2310"]
[BlackElo "2351"]
[PlyCount "65"]
[EventDate "2003.??.??"]

1. d4 Nf6 2. c4 e6 3. Nc3 Bb4 4. e3 c5 5. Bd3 d5 6. Nf3 Nc6 7. O-O O-O 8. a3
Bxc3 9. bxc3 Qc7 10. cxd5 exd5 11. Bb2 c4 12. Bc2 Bg4 13. Qe1 Qd7 14. Nh4 Rfe8
15. f3 Bh5 16. Qf2 Bg6 17. Nxg6 hxg6 18. Rae1 b5 19. e4 a5 20. e5 Nh7 21. f4 b4
22. f5 gxf5 23. Bxf5 Qe7 24. e6 Nf6 25. Qh4 fxe6 26. Bg6 Nd8 27. g4 bxa3 28.
Bxa3 Qxa3 29. Rxf6 gxf6 30. Qh7+ Kf8 31. Qh8+ Ke7 32. Qxe8+ Kd6 33. Qf8+ 1-0

[Event "2.BLS 0203 Pang Rosenheim - SG Kirchhei"]
[Site "?"]
[Date "2003.03.30"]
[Round "9.5"]
[White "Wippermann, Till"]
[Black "Duer, Werner"]
[Result "1/2-1/2"]
[WhiteElo "2354"]
[BlackElo "2285"]
[PlyCount "100"]
[EventDate "2003.??.??"]

1. e4 c6 2. d4 d5 3. e5 Bf5 4. Nd2 e6 5. Nb3 Nd7 6. Nf3 Ne7 7. Be2 c5 8. dxc5
Nxc5 9. Nfd4 Nc6 10. Nxf5 exf5 11. O-O Ne4 12. Nd4 Qd7 13. c3 Be7 14. f3 Nc5
15. Bb5 g6 16. Bh6 Ne6 17. Nxe6 fxe6 18. Qe2 Kf7 19. Be3 a6 20. Bd3 Rhd8 21.
Bb6 Rdc8 22. g4 fxg4 23. fxg4+ Kg8 24. Rf3 Rf8 25. Raf1 Rxf3 26. Rxf3 Rf8 27.
Rxf8+ Bxf8 28. c4 dxc4 29. Bxc4 Bg7 30. Qd3 Qxd3 31. Bxd3 Bxe5 32. b3 Bd4+ 33.
Bxd4 Nxd4 34. Kf2 g5 35. Ke3 Nc6 36. a3 a5 37. Be4 Kg7 38. h3 h6 39. Bxc6 bxc6
40. b4 a4 41. Kd4 Kf6 42. Kc5 e5 43. Kxc6 e4 44. b5 e3 45. b6 e2 46. b7 e1=Q
47. b8=Q Qc3+ 48. Kd7 Qxa3 49. Qh8+ Kg6 50. Qg8+ Kf6 1/2-1/2

[Event "2.BLS 0203 Pang Rosenheim - SG Kirchhei"]
[Site "?"]
[Date "2003.03.30"]
[Round "9.6"]
[White "Geisler, Fabian"]
[Black "Mudelsee, Manfred Dr"]
[Result "0-1"]
[WhiteElo "2273"]
[BlackElo "2291"]
[PlyCount "80"]
[EventDate "2003.??.??"]

1. e4 c5 2. Nf3 d6 3. d4 cxd4 4. Nxd4 Nf6 5. Nc3 Nc6 6. Be2 g6 7. Nb3 Bg7 8.
O-O O-O 9. Re1 a5 10. a4 Be6 11. Bf1 Rc8 12. Bg5 Nb4 13. Nd4 Bc4 14. Bxc4 Rxc4
15. Ndb5 h6 16. Bh4 Qc8 17. f3 d5 18. Na3 Rc7 19. Ncb5 Rd7 20. e5 Nh5 21. Nd4
Nc6 22. Nxc6 bxc6 23. Qd2 f5 24. Bf2 Qb8 25. Bd4 c5 26. Bxc5 Bxe5 27. Qxh6
Bxh2+ 28. Kh1 Rf7 29. Qxg6+ Rg7 30. Qxh5 Rh7 31. Qg6+ Kh8 32. Bd4+ e5 33. g4
fxg4 34. Kg2 gxf3+ 35. Kf1 Rdg7 36. Qb6 Qg8 37. Rxe5 Bg3 38. Rg5 Rh1+ 39. Bg1
Rxg5 40. Qh6+ Rxh6 0-1

[Event "2.BLS 0203 Pang Rosenheim - SG Kirchhei"]
[Site "?"]
[Date "2003.03.30"]
[Round "9.8"]
[White "Maurer, Jochen"]
[Black "Von Kap-Her, Alexander"]
[Result "1/2-1/2"]
[WhiteElo "2172"]
[BlackElo "2123"]
[PlyCount "47"]
[EventDate "2003.??.??"]

1. e4 c5 2. Nf3 d6 3. d4 cxd4 4. Nxd4 Nf6 5. Nc3 a6 6. f3 e5 7. Nb3 Be6 8. Be3
Be7 9. Qd2 Nbd7 10. g4 h6 11. O-O-O b5 12. Qf2 Rb8 13. h4 Qc7 14. Bh3 b4 15.
Nd5 Bxd5 16. exd5 Nb6 17. Bxb6 Qxb6 18. Qxb6 Rxb6 19. Bf1 e4 20. Bg2 exf3 21.
Bxf3 Nd7 22. Nd4 Ne5 23. Rde1 Kd7 24. Be4 1/2-1/2

[Event "2.BLS 0203 SCA St Ingbert - Schmiden Ca"]
[Site "?"]
[Date "2003.03.30"]
[Round "9.1"]
[White "Holzhaeuer, Mathias"]
[Black "Marcelin, Cyril"]
[Result "0-1"]
[WhiteElo "2407"]
[BlackElo "2470"]
[PlyCount "120"]
[EventDate "2003.??.??"]

1. e4 c5 2. Nf3 Nc6 3. Bb5 e6 4. Bxc6 bxc6 5. d3 Ne7 6. h4 h5 7. Bg5 f6 8. Be3
Ng6 9. c3 Ba6 10. Qc2 Qb8 11. O-O Be7 12. Re1 O-O 13. Nbd2 f5 14. Bg5 Bxg5 15.
hxg5 Qf4 16. e5 Qg4 17. Nf1 Bxd3 18. Qd2 Bxf1 19. Rxf1 Rf7 20. Nh2 Qf4 21. Qxf4
Nxf4 22. Rfd1 Rb8 23. Rd2 c4 24. Nf3 Rb5 25. b3 Rd5 26. bxc4 Rxd2 27. Nxd2 Ne2+
28. Kf1 Nxc3 29. f4 Rf8 30. Rc1 Ne4 31. Nxe4 fxe4 32. g3 Rb8 33. Ke2 Kf7 34.
Ke3 Rb2 35. Rd1 Ke7 36. Kxe4 Rxa2 37. g6 Ra3 38. Rh1 Rxg3 39. Rxh5 Rxg6 40. Rh8
Rg4 41. Kf3 Rg1 42. Ra8 g5 43. fxg5 Rxg5 44. Kf4 Rh5 45. Ke4 Rh4+ 46. Kd3 Rh3+
47. Kd4 Ra3 48. Kc5 Ra5+ 49. Kd4 Ra1 50. Kc5 Re1 51. Kd4 c5+ 52. Kxc5 Rxe5+ 53.
Kb4 a5+ 54. Kc3 Rh5 55. Ra6 d5 56. c5 Rh4 57. Rxa5 Rc4+ 58. Kd3 Kf6 59. Rb5 Kf5
60. Ra5 e5 0-1

[Event "2.BLS 0203 SCA St Ingbert - Schmiden Ca"]
[Site "?"]
[Date "2003.03.30"]
[Round "9.2"]
[White "Bricard, Emmanuel"]
[Black "Schnepp, Gunnar"]
[Result "0-1"]
[WhiteElo "2454"]
[BlackElo "2278"]
[PlyCount "68"]
[EventDate "2003.??.??"]

1. e4 c5 2. d3 Nc6 3. g3 e6 4. Bg2 Nf6 5. f4 d6 6. Nf3 Be7 7. O-O O-O 8. Nc3
Rb8 9. h3 b5 10. g4 b4 11. Ne2 d5 12. e5 Nd7 13. Ng3 f6 14. exf6 Nxf6 15. g5
Nd7 16. Qe2 Kh8 17. Bd2 Nb6 18. Ne5 Nxe5 19. fxe5 Bd7 20. h4 Qc7 21. h5 c4 22.
g6 h6 23. Rxf8+ Rxf8 24. Rf1 Rxf1+ 25. Nxf1 cxd3 26. cxd3 Qc2 27. Ne3 Qxb2 28.
Ng4 b3 29. axb3 Bb4 30. Nxh6 Qxd2 31. Qg4 Bc5+ 32. Kh2 Qxh6 33. Qh4 Be8 34. Bf3
Bxg6 0-1

[Event "2.BLS 0203 SCA St Ingbert - Schmiden Ca"]
[Site "?"]
[Date "2003.03.30"]
[Round "9.3"]
[White "Trachtmann, Mark"]
[Black "Lazarev, Vladimir"]
[Result "0-1"]
[WhiteElo "2314"]
[BlackElo "2477"]
[PlyCount "120"]
[EventDate "2003.??.??"]

1. d4 Nf6 2. c4 e6 3. Nc3 Bb4 4. e3 c5 5. Nge2 b6 6. a3 Ba5 7. Rb1 Na6 8. Bd2
O-O 9. Qa4 d5 10. b4 Bd7 11. Nb5 cxb4 12. axb4 Nxb4 13. Bxb4 a6 14. Nec3 axb5
15. cxb5 Qc7 16. Nd1 Ne4 17. Bd3 Rfc8 18. O-O h6 19. h3 Ra7 20. Rb2 Rca8 21.
Rc2 Bxb4 22. Qxb4 Qd6 23. Qb2 Ra4 24. f3 Ng3 25. Re1 Rb4 26. Qc1 Rb3 27. Nc3 g6
28. Rb2 Rba3 29. Qc2 Kg7 30. Nb1 R3a5 31. Qf2 Ra4 32. Qd2 Nh5 33. Rc1 Nf6 34.
Nc3 Ra3 35. Nb1 R3a5 36. Qb4 Ne8 37. Nc3 Ra3 38. Qxd6 Nxd6 39. Bf1 Rc8 40. Rbc2
Rb3 41. e4 dxe4 42. fxe4 Rb4 43. e5 Nf5 44. Ne4 Rxc2 45. Rxc2 Rb1 46. Nd2 Rd1
47. Kf2 Nxd4 48. Rb2 Bxb5 49. Bxb5 Nxb5 50. Nc4 Rd5 51. Nxb6 Rxe5 52. Nc4 Rf5+
53. Kg3 Nc3 54. Rb6 Ne4+ 55. Kh2 Rc5 56. Ne3 h5 57. Rb4 Nf6 58. Nc4 Nd5 59. Ra4
Nc3 60. Rb4 Rb5 0-1

[Event "2.BLS 0203 SCA St Ingbert - Schmiden Ca"]
[Site "?"]
[Date "2003.03.30"]
[Round "9.4"]
[White "Pirrot, Dieter"]
[Black "Krockenberger, Martin"]
[Result "1/2-1/2"]
[WhiteElo "2421"]
[BlackElo "2264"]
[PlyCount "87"]
[EventDate "2003.??.??"]

1. e4 c5 2. c3 Nf6 3. e5 Nd5 4. d4 cxd4 5. Qxd4 e6 6. Nf3 Nc6 7. Qc4 f5 8. Qe2
d6 9. g3 dxe5 10. Nxe5 Nxe5 11. Qxe5 Qf6 12. Qxf6 Nxf6 13. Bf4 Bc5 14. Bg2 O-O
15. O-O Re8 16. b4 Bb6 17. Bd6 Rd8 18. Be7 Rd3 19. a4 a5 20. b5 Nd5 21. Bg5 h6
22. c4 hxg5 23. cxd5 exd5 24. Ra3 Rd4 25. Re3 Rxa4 26. Re8+ Kf7 27. Rh8 Ke6 28.
Bxd5+ Kd6 29. Bg2 Ra1 30. Rd1+ Kc5 31. Rc1+ Kb4 32. Bf1 a4 33. Rc4+ Kb3 34.
Nd2+ Kb2 35. Rhxc8 Rxc8 36. Rxc8 a3 37. Nc4+ Kb3 38. Nd2+ Kb2 39. Nc4+ Kb3 40.
Nd2+ Kb2 41. Ra8 Kc3 42. Nc4 Bc5 43. Nxa3 Rxa3 44. Rxa3+ 1/2-1/2

[Event "2.BLS 0203 SCA St Ingbert - Schmiden Ca"]
[Site "?"]
[Date "2003.03.30"]
[Round "9.5"]
[White "Loehr, Markus"]
[Black "Becking, Stephan"]
[Result "0-1"]
[WhiteElo "2199"]
[BlackElo "2315"]
[PlyCount "92"]
[EventDate "2003.??.??"]

1. d4 d5 2. Nf3 Nf6 3. c4 e6 4. g3 Be7 5. Bg2 O-O 6. O-O dxc4 7. Qc2 Bd7 8.
Qxc4 Bc6 9. Bg5 Bd5 10. Qd3 Be4 11. Qe3 Nbd7 12. Nc3 Bc6 13. Qd3 a6 14. Bxf6
Bxf6 15. Rfd1 b5 16. Ng5 Bxg5 17. Bxc6 Rb8 18. Bg2 Be7 19. Rac1 f5 20. e4 Kh8
21. d5 b4 22. dxe6 bxc3 23. Qxc3 Bf6 24. Qe3 Bxb2 25. Rc2 Be5 26. f4 Bd6 27. e5
Nxe5 28. fxe5 Bc5 29. Qxc5 Qxd1+ 30. Kf2 f4 31. e7 fxg3+ 32. Kxg3 Qe1+ 33. Kg4
Rfe8 34. Rc4 Rxe7 35. Re4 Qd1+ 36. Bf3 Qd7+ 37. Kg3 Rb5 38. Rf4 Qe8 39. Qc6
Rbxe5 40. Qxa6 Qg6+ 41. Qxg6 hxg6 42. Bd1 Rg5+ 43. Kh4 Rg1 44. Rf8+ Kh7 45. Bf3
g5+ 46. Kh3 Re3 0-1

[Event "2.BLS 0203 SCA St Ingbert - Schmiden Ca"]
[Site "?"]
[Date "2003.03.30"]
[Round "9.6"]
[White "Drollinger, Dennis"]
[Black "Bauer, Manfred"]
[Result "1/2-1/2"]
[WhiteElo "2281"]
[BlackElo "2246"]
[PlyCount "55"]
[EventDate "2003.??.??"]

1. e4 c5 2. Nf3 d6 3. Bb5+ Bd7 4. Bxd7+ Qxd7 5. O-O Nc6 6. c3 Nf6 7. d4 Nxe4 8.
d5 Ne5 9. Nxe5 dxe5 10. Re1 Nd6 11. Rxe5 g6 12. Re1 h6 13. Bf4 g5 14. Be5 Rg8
15. Nd2 O-O-O 16. Qe2 e6 17. b4 Ne8 18. dxe6 Qxe6 19. bxc5 Bxc5 20. Nb3 Bd6 21.
Bd4 Qxe2 22. Rxe2 b6 23. a4 Kb7 24. a5 Nc7 25. axb6 axb6 26. Rb1 Kc6 27. Nd2
Bc5 28. Nf3 1/2-1/2

[Event "2.BLS 0203 SCA St Ingbert - Schmiden Ca"]
[Site "?"]
[Date "2003.03.30"]
[Round "9.7"]
[White "Witke, Thomas"]
[Black "Gross, Georg"]
[Result "1/2-1/2"]
[WhiteElo "2217"]
[BlackElo "2317"]
[PlyCount "105"]
[EventDate "2003.??.??"]

1. d4 f5 2. c4 Nf6 3. Nc3 e6 4. g3 Be7 5. Bg2 O-O 6. Nf3 d6 7. O-O c6 8. b4 d5
9. Qb3 Ne4 10. e3 a5 11. bxa5 Rxa5 12. Ne5 Nd7 13. Nxd7 Qxd7 14. cxd5 exd5 15.
a4 Qe6 16. Ne2 b5 17. Nf4 Qd6 18. f3 Ng5 19. Bd2 bxa4 20. Rxa4 Rb5 21. Qa2 Bd7
22. Nd3 Rfb8 23. Ra7 Be6 24. Rc1 Rb3 25. Qc2 Nf7 26. Ba5 Bd8 27. Bxd8 Nxd8 28.
Bf1 Bf7 29. Ne5 Rxe3 30. Qxf5 Bg6 31. Qf4 Reb3 32. Rd7 Qf6 33. Qxf6 gxf6 34.
Nxg6 hxg6 35. Re1 Nf7 36. Re6 Rxf3 37. Be2 Rc3 38. Rxf6 Rb1+ 39. Kf2 Nh8 40.
Re6 Rb8 41. Rc7 Rf8+ 42. Kg2 Rc2 43. Kh3 Rd2 44. Bg4 Rf7 45. Rxf7 Kxf7 46. Rxc6
Rxd4 47. Rc8 Kg7 48. Be6 Kf6 49. Bxd5 Rxd5 50. Rxh8 Rd4 51. Rh4 Rd2 52. Ra4 Kg5
53. Rg4+ 1/2-1/2

[Event "2.BLS 0203 SK Krumbach - SC Eppingen"]
[Site "?"]
[Date "2003.03.30"]
[Round "9.2"]
[White "Egger, Thomas"]
[Black "Mann, Christian"]
[Result "0-1"]
[WhiteElo "2307"]
[BlackElo "2445"]
[PlyCount "68"]
[EventDate "2003.??.??"]

1. Nf3 d5 2. g3 Nc6 3. d4 Bg4 4. Bg2 e6 5. O-O Nf6 6. Bg5 h6 7. Bxf6 Qxf6 8. c3
O-O-O 9. Nbd2 Kb8 10. b4 Bd6 11. Nb3 e5 12. b5 Ne7 13. dxe5 Bxe5 14. Nfd4 h5
15. f3 Bc8 16. f4 Bd6 17. Qd3 h4 18. e4 dxe4 19. Qxe4 hxg3 20. hxg3 g5 21. Na5
Bc5 22. Rad1 Nd5 23. Qxd5 Rxd5 24. Bxd5 gxf4 25. Rxf4 Qg5 26. Bg2 Qxg3 27. Rf3
Qh2+ 28. Kf1 Bg4 29. Nxb7 Bxd4 30. Rxd4 Bxf3 31. Bxf3 Qg3 32. Bg2 Qxc3 33. Rd8+
Rxd8 34. Nxd8 Qd3+ 0-1

[Event "2.BLS 0203 SK Krumbach - SC Eppingen"]
[Site "?"]
[Date "2003.03.30"]
[Round "9.3"]
[White "Balzar, Andreas Dr"]
[Black "Kempter, Ronald"]
[Result "1/2-1/2"]
[WhiteElo "2381"]
[BlackElo "2290"]
[PlyCount "102"]
[EventDate "2003.??.??"]

1. e4 e5 2. Bc4 Nf6 3. Nc3 Nc6 4. d3 Bc5 5. Bg5 h6 6. Bh4 d6 7. Na4 Bb6 8. Nxb6
axb6 9. f3 Qe7 10. Ne2 Na5 11. Nc3 Nxc4 12. dxc4 Qe6 13. b3 Bd7 14. Qd2 O-O 15.
O-O-O Ra5 16. Kb2 Rfa8 17. a4 Ne8 18. Bf2 f5 19. Be3 Qf7 20. exf5 Bxf5 21. g4
Bd7 22. Rhg1 Bc6 23. g5 h5 24. g6 Qf6 25. Rdf1 Qe6 26. f4 exf4 27. Rxf4 Nf6 28.
Bd4 Rf5 29. Rgf1 Rxf4 30. Qxf4 Rf8 31. Qd2 Ne4 32. Rxf8+ Kxf8 33. Qf4+ Nf6 34.
Nd5 Bxd5 35. cxd5 Qe4 36. Qf2 Qxg6 37. c4 Kg8 38. Qe2 Qe4 39. Qd2 Qf5 40. Qe2
Qe4 41. Qd2 Ng4 42. Ka2 Ne5 43. Bb2 Qf5 44. a5 bxa5 45. Qxa5 b6 46. Qa8+ Qf8
47. Qb7 Qe7 48. Qc8+ Kh7 49. Qf5+ g6 50. Qc8 h4 51. Ka3 g5 {(=)} 1/2-1/2

[Event "2.BLS 0203 SK Krumbach - SC Eppingen"]
[Site "?"]
[Date "2003.03.30"]
[Round "9.4"]
[White "Riefner, Edwin"]
[Black "Miltner, Arndt"]
[Result "0-1"]
[WhiteElo "2226"]
[BlackElo "2384"]
[PlyCount "108"]
[EventDate "2003.??.??"]

1. e4 d6 2. d4 Nf6 3. Nc3 e5 4. dxe5 dxe5 5. Qxd8+ Kxd8 6. Bc4 Be6 7. Bxe6 fxe6
8. Bg5 Bb4 9. O-O-O+ Nbd7 10. Nge2 a6 11. Rd3 Ke7 12. Rhd1 Bd6 13. Rg3 Rhg8 14.
Rdd3 Raf8 15. Nd1 h6 16. Bxf6+ Nxf6 17. f3 g5 18. Ne3 h5 19. Rh3 Rg7 20. Nc4 h4
21. Nxd6 cxd6 22. Rb3 Kd8 23. c4 Kc7 24. Kd2 Rh8 25. g3 Rgh7 26. Re3 Kc6 27.
Ke1 Rf8 28. f4 exf4 29. Nd4+ Kd7 30. Rb3 Rb8 31. gxf4 gxf4 32. Nf3 Nxe4 33.
Rxh4 Rxh4 34. Nxh4 Kc6 35. Nf3 e5 36. Rd3 Rg8 37. Kf1 Nf6 38. Rb3 Ng4 39. h4
Ne3+ 40. Ke2 Nxc4 41. Rc3 Kd5 42. Rd3+ Ke6 43. Ng5+ Ke7 44. Rh3 d5 45. Rd3 Ne3
46. Rc3 Kd7 47. Rb3 b5 48. Kf3 Rf8 49. Rd3 Ke7 50. Rd2 e4+ 51. Ke2 Rf5 52. Nh3
Nc4 53. Rd1 f3+ 54. Ke1 Nxb2 0-1

[Event "2.BLS 0203 SK Krumbach - SC Eppingen"]
[Site "?"]
[Date "2003.03.30"]
[Round "9.5"]
[White "Schulze, Ulrich"]
[Black "Wild, Rudolf"]
[Result "1/2-1/2"]
[WhiteElo "2353"]
[BlackElo "2268"]
[PlyCount "96"]
[EventDate "2003.??.??"]

1. Nf3 c5 2. c4 Nc6 3. Nc3 g6 4. e3 Bg7 5. d4 Nf6 6. d5 Nb8 7. e4 d6 8. Be2 O-O
9. O-O e5 10. dxe6 fxe6 11. e5 dxe5 12. Qxd8 Rxd8 13. Nxe5 Nbd7 14. Bg5 Rf8 15.
Nxd7 Nxd7 16. Rad1 a6 17. Be3 Rb8 18. Rd6 Be5 19. Rxe6 Kf7 20. Rxe5 Nxe5 21.
Bxc5 Rd8 22. Bb6 Re8 23. Bc7 Ra8 24. Na4 Bd7 25. Nb6 Ra7 26. Rd1 Bf5 27. c5 Nd3
28. Bxd3 Bxd3 29. f3 Bb5 30. a4 Bc6 31. b4 Raa8 32. Kf2 Rac8 33. Bd6 Rcd8 34.
Rb1 Re6 35. b5 axb5 36. axb5 Be8 37. Nc4 Rc8 38. h4 h5 39. Rb2 Ra8 40. Bc7 Re7
41. Nd6+ Kg7 42. Nxe8+ Raxe8 43. b6 Rc8 44. Bd6 Rd7 45. Ke3 Rc6 46. Kd4 Rdxd6+
47. cxd6 Rxd6+ 48. Kc5 Rd1 1/2-1/2

[Event "2.BLS 0203 SK Krumbach - SC Eppingen"]
[Site "?"]
[Date "2003.03.30"]
[Round "9.6"]
[White "Trassl, Franz"]
[Black "Koch, Wolfgang Max Dr"]
[Result "1-0"]
[WhiteElo "2260"]
[BlackElo "2308"]
[PlyCount "85"]
[EventDate "2003.??.??"]

1. Nf3 g6 2. e4 d6 3. d4 Nf6 4. Nc3 Bg7 5. h3 c6 6. Be3 O-O 7. a4 a5 8. Be2 Na6
9. O-O Nb4 10. Nd2 d5 11. e5 Ne8 12. Nb3 b6 13. f4 f5 14. Nb1 Ba6 15. c3 Bxe2
16. Qxe2 Na6 17. N1d2 Nec7 18. Nf3 Ne6 19. g3 Qd7 20. Rfd1 Nac7 21. Qf2 Rfb8
22. Rd2 Qc8 23. Ne1 b5 24. Nd3 Bf8 25. g4 bxa4 26. Nbc1 Ng7 27. Qf3 a3 28. Rxa3
e6 29. Ra4 Qe8 30. Qd1 Rb5 31. b3 Rbb8 32. Rda2 Nb5 33. Ne2 fxg4 34. hxg4 Qd8
35. c4 Nc7 36. Bf2 dxc4 37. bxc4 Nce8 38. Ng3 Rb7 39. Ne4 Qb8 40. Qd2 Bb4 41.
Nxb4 Rxb4 42. Qxb4 axb4 43. Rxa8 1-0

[Event "2.BLS 0203 SK Krumbach - SC Eppingen"]
[Site "?"]
[Date "2003.03.30"]
[Round "9.7"]
[White "Rau, Hannes"]
[Black "Link, Ulrich Dr"]
[Result "1-0"]
[WhiteElo "2325"]
[BlackElo "2141"]
[PlyCount "67"]
[EventDate "2003.??.??"]

1. d4 e6 2. c4 Bb4+ 3. Bd2 Bxd2+ 4. Qxd2 Nf6 5. Nc3 d6 6. Nf3 Qe7 7. e3 O-O 8.
Be2 b6 9. O-O Bb7 10. Rfd1 a5 11. a3 Na6 12. Ne1 Rad8 13. Bf3 Bc8 14. Nc2 c5
15. Nb5 e5 16. b4 cxd4 17. exd4 e4 18. Be2 axb4 19. axb4 d5 20. c5 bxc5 21.
bxc5 Ne8 22. Qa5 f5 23. Qb6 Rf6 24. c6 Rh6 25. Rxa6 Qh4 26. h3 f4 27. Ra8 f3
28. Bf1 fxg2 29. Bxg2 Rg6 30. Ne3 Qf6 31. Na7 Qf3 32. Qxd8 Rxg2+ 33. Nxg2 Qxd1+
34. Kh2 1-0

[Event "2.BLS 0203 SK Krumbach - SC Eppingen"]
[Site "?"]
[Date "2003.03.30"]
[Round "9.8"]
[White "Sirch, Franz"]
[Black "Schneider, Bernd"]
[Result "1-0"]
[WhiteElo "2215"]
[BlackElo "2224"]
[PlyCount "77"]
[EventDate "2003.??.??"]

1. e4 c5 2. Nf3 e6 3. d3 d5 4. Nbd2 Bd6 5. g3 Nc6 6. Bg2 Nge7 7. O-O O-O 8. Re1
f6 9. b3 a5 10. a4 b6 11. Bb2 Ra7 12. h4 Bb8 13. h5 Bd7 14. h6 g5 15. exd5 exd5
16. Nh2 Bf5 17. Ng4 Nd4 18. Rc1 Qd7 19. Ne3 Be6 20. Qh5 Be5 21. c3 Ndc6 22. Nf3
Ng6 23. d4 cxd4 24. Nxd4 Bxd4 25. cxd4 Nb4 26. Ba3 Rd8 27. Bxb4 axb4 28. Qf3 f5
29. Qe2 f4 30. Nc2 Bf5 31. Nxb4 fxg3 32. Bxd5+ Kh8 33. fxg3 Qd6 34. Nc6 Qxg3+
35. Qg2 Qc7 36. Nxa7 Qxa7 37. Qxg5 Rf8 38. Re8 Qd7 39. Qf6+ 1-0

[Event "2.BLS 0203 SK Viernheim - Heidelberg HS"]
[Site "?"]
[Date "2003.03.30"]
[Round "9.1"]
[White "Ikonnikov, Viacheslav"]
[Black "Beikert, Guenther Dr"]
[Result "1-0"]
[WhiteElo "2549"]
[BlackElo "2444"]
[PlyCount "135"]
[EventDate "2003.??.??"]

1. d4 d5 2. Nf3 c6 3. c4 e6 4. Qc2 Bd6 5. Bg5 f6 6. Bh4 dxc4 7. Qxc4 Qb6 8. Qc2
c5 9. Bg3 Na6 10. Bxd6 Qxd6 11. e3 cxd4 12. Nxd4 Nh6 13. Nc3 Nf7 14. Rd1 O-O
15. Bd3 f5 16. a3 Qe7 17. O-O b6 18. e4 f4 19. e5 Qh4 20. Be4 Rb8 21. Nf3 Qh6
22. b4 Nc7 23. Rd4 Ba6 24. Rfd1 Nb5 25. Nxb5 Bxb5 26. h3 Rbc8 27. Qb3 Be2 28.
Re1 Bxf3 29. Bxf3 Rc7 30. Bg4 Re7 31. Qd3 Qg5 32. Qe2 Nh6 33. Rd6 Nf5 34. Bxf5
Rxf5 35. Rd8+ Kf7 36. Qe4 Rc7 37. Rd3 Re7 38. Kh2 h5 39. Re2 Rc7 40. a4 Rc1 41.
Rf3 Rd1 42. Rc2 Rd5 43. Rc7+ Kg8 44. Rxa7 Rdxe5 45. Ra8+ Kh7 46. Qc2 Qg6 47.
Rb8 h4 48. Rxb6 Rf7 49. Qxg6+ Kxg6 50. a5 Kf5 51. Rc3 Re1 52. Rbc6 Rb1 53.
R6c5+ e5 54. b5 Rd7 55. Rc1 Rb2 56. Re1 Rdd2 57. Rexe5+ Kg6 58. Rg5+ Kh6 59.
Rh5+ Kg6 60. Rcg5+ Kf6 61. Rf5+ Kg6 62. Rhg5+ Kh6 63. Rg4 g5 64. Rgxg5 f3 65.
Rg4 Rxf2 66. Kg1 Rxg2+ 67. Rxg2 Rxg2+ 68. Kf1 1-0